Les femmes dans la France moderne : XVIe-XVIIIe siècle (notice n° 2198645)

détails MARC
000 -LEADER
fixed length control field 01570cam a2200133 4500500
005 - DATE AND TIME OF LATEST TRANSACTION
control field 20260405085556.0
041 ## - LANGUAGE CODE
Language code of text/sound track or separate title fre
042 ## - AUTHENTICATION CODE
Authentication code dc
100 10 - MAIN ENTRY--PERSONAL NAME
Personal name Godineau, Dominique
Relator term author
245 00 - TITLE STATEMENT
Title Les femmes dans la France moderne : XVIe-XVIIIe siècle
260 ## - PUBLICATION, DISTRIBUTION, ETC.
Name of publisher, distributor, etc. Armand Colin,<br/>
Date of publication, distribution, etc. 2021.<br/>
520 ## - SUMMARY, ETC.
Summary, etc. Loin d'imposer une vision figée et réductrice de la condition féminine, cet ouvrage offre une étude précise et vivante du sujet, dégage de belles figures, célèbres ou anonymes, et dessine une image toujours plus nette des Françaises des temps modernes. S'inscrivant dans la problématique des recherches récentes sur l'histoire des femmes et du genre, il examine la place et le rôle des femmes ainsi que leurs relations avec les hommes, dans les sphères familiale, sociale, économique, politique, religieuse, culturelle. Si les Françaises semblent être réduites à l'état d'épouse et mère, surgit une réalité plus complexe, faite de résistances, d'arrangements, d'échappées individuelles et collectives. En s'intéressant aux événements et mutations qui, de la Réforme protestante à la Révolution française, ont marqué la France des XVIe-XVIIIe siècles, l'auteur rappelle que les femmes y ont participé, que l'Histoire est mixte, que les représentations et les rapports hommes-femmes ne sont pas immobiles et que, lentement et non sans mal, l'idée d'égalité chemine au cours de ces trois siècles.
856 41 - ELECTRONIC LOCATION AND ACCESS
Uniform Resource Identifier <a href="https://shs.cairn.info/les-femmes-dans-la-france-moderne--9782200632861?lang=fr&redirect-ssocas=7080">https://shs.cairn.info/les-femmes-dans-la-france-moderne--9782200632861?lang=fr&redirect-ssocas=7080</a>

Pas d'exemplaire disponible.

PLUDOC

PLUDOC est la plateforme unique et centralisée de gestion des bibliothèques physiques et numériques de Guinée administré par le CEDUST. Elle est la plus grande base de données de ressources documentaires pour les Étudiants, Enseignants chercheurs et Chercheurs de Guinée.

Adresse

627 919 101/664 919 101

25 boulevard du commerce
Kaloum, Conakry, Guinée

Réseaux sociaux

Powered by Netsen Group @ 2025